00542 2200193 4500001002100000005001500021035002000036007000300056008004100059082001400100084002000114245005100134260003000185300002300215650001400238110005200252990002200304990002200326INLIS00000000000576720260430111905 a0010-0426000052ta260430 0  a631.1:336 a631.1:336 BAD p1 aPenumbuhan dan Pengembangan LKM P4K /cBPPSDMP aJakarta :bBPPSDMP,c2003 aiv, 28 hal :bIlus 4aPertanian2 aBadan Penyuluhan dan Pengembangan SDM Pertanian a5139/BPPSDMP/2026 a5139/BPPSDMP/2026